Estatísticas para Clash Royale - Ordem Alfabética

Clique aqui para jogar o quiz

Estatísticas Gerais

  • Esse quiz foi jogado 25 vezes
  • A pontuação média é 32 de 109

Estatísticas das Respostas

Letra InicialCarta% Correto
AArqueiras
82%
AAríete de Batalha
64%
AArqueiro Mágico
64%
BBárbaros
50%
BBruxa
50%
BBruxa Mãe
50%
BBruxa Sombria
50%
CCorredor
45%
XX-Besta
45%
ZZap
45%
BBalão
41%
BBandida
41%
CCavaleiro
41%
EEspírito de Fogo
41%
EEspírito de Gelo
41%
GGolem
41%
BBárbaros de Elite
36%
BBarril de Bárbaro
36%
BBarril de Goblins
36%
BBebê Dragão
36%
BBola de Fogo
36%
CCanhão
36%
GGigante
36%
GGigante Elétrico
36%
GGoblins
36%
GGolem de Elixir
36%
GGolem de Gelo
36%
MMini Pekka
36%
PPekka
36%
TTorre Inferno
36%
BBarril de Esqueletos
32%
BBola de Neve
32%
EEspírito Elétrico
32%
EEsqueleto Gigante
32%
EEsqueletos
32%
GGigante Real
32%
GGoblins Lanceiros
32%
HHorda de Servos
32%
MMago
32%
MMago de Gelo
32%
MMago Elétrico
32%
MMegacavaleiro
32%
MMineiro
32%
MMosqueteira
32%
PPríncipe
32%
RRelâmpago
32%
SServos
32%
TTorre de Bombas
32%
VValquíria
32%
BBombardeiro
27%
CCabana de Bárbaros
27%
CCabana de Goblins
27%
CCaçador
27%
CCavaleiro Dourado
27%
EExército de Esqueletos
27%
FFoguete
27%
FFúria
27%
GGangue de Goblins
27%
JJaula de Goblin
27%
LLançador
27%
LLápide
27%
LLava Hound
27%
MMineiro Bombado
27%
OO Tronco
27%
PPescador
27%
PPríncipe das Trevas
27%
RRainha Arqueira
27%
RRecrutas Reais
27%
RRei Esqueleto
27%
TTesla
27%
VVeneno
27%
CCemitério
23%
DDomadora de Carneiro
23%
DDragão Elétrico
23%
DDragão Infernal
23%
DDragões Esqueleto
23%
EEspírito Curador
23%
FFlechas
23%
GGoblin com Dardo
23%
GGoblin Gigante
23%
LLenhador
23%
MMegasservo
23%
MMorcegos
23%
MMorteiro
23%
PPatifes
23%
PPirotécnica
23%
PPorcos Reais
23%
PPrincesa
23%
TTerremoto
23%
TTornado
23%
TTrês Mosqueteiras
23%
CCarrinho de Canhão
18%
CClone
18%
CCuradora Guerreira
18%
EEncomenda Real
18%
EEspelho
18%
FFantasma Real
18%
FFornalha
18%
GGelo
18%
MMáquina Voadora
18%
MMonge
18%
SSparky
18%
CColetor de Elixir
14%
EEletrocutadores
14%
EExecutor
14%
GGuardas
14%
PPequeno Príncipe
14%
DDestruidores de Muros
9%
EEscavadeira de Goblins
5%

Distribuição das Pontuações

Percentil de Números Respondidos

Porcentagem de Pessoas com Cada Pontuação

Sua Pontuação Histórica

Você não jogou esse quiz